Movies Quiz

Random Movies or Oscar Quiz

Best Picture Oscar Winners Part II (Slideshow) Quiz Stats

 Plays Quiz not verified by Sporcle

Score 0/24 Timer 06:00
1 Play Today
% Correct
Forrest Gump
98.7%
Dances with Wolves
98.1%
Gladiator
98.1%
The Godfather
98.1%
Driving Miss Daisy
97.4%
Gandhi
97.4%
The Godfather Part II
93.9%
Gone with the Wind
93.2%
The Departed
91.3%
The Deer Hunter
90.6%
The English Patient
88.7%
Hamlet
88.7%
% Correct
The French Connection
88%
The Hurt Locker
86.1%
From Here to Eternity
85.1%
In the Heat of the Night
81.9%
It Happened One Night
74.4%
Gigi
64.4%
Going My Way
61.2%
The Greatest Show on Earth
58.9%
How Green Was My Valley
56.3%
Grand Hotel
49.2%
Gentleman's Agreement
46%
The Great Ziegfeld
46%

You're not logged in!

Compare scores with friends on all Sporcle quizzes.
Join for Free
OR
Log In

You Might Also Like...

Show Comments

Extras

Top Quizzes Today


Score Distribution

Your Account Isn't Verified!

In order to create a playlist on Sporcle, you need to verify the email address you used during registration. Go to your Sporcle Settings to finish the process.

Report this User

Report this user for behavior that violates our Community Guidelines.

Details: